| 000 | 02656cam a2200265 i 4500 | ||
|---|---|---|---|
| 020 | _a9780415664264 (hardback) | ||
| 020 | _a9780415664271 (paperback) | ||
| 082 | 0 | 0 | _a338.927 |
| 100 | 1 |
_aTanner, Thomas, _d1975- _eauthor. |
|
| 245 | 1 | 0 |
_aClimate change and development / _cThomas Tanner and Leo Horn-Phathanothai. |
| 300 |
_axxiii, 367pages ; _c24 cm. |
||
| 504 | _aIncludes bibliographical references (pages 332-356) and index. | ||
| 650 | 0 |
_aEconomic development _919946 |
|
| 650 | 0 | _aSustainable development. | |
| 650 | 0 | _aClimatic changes. | |
| 650 | 7 |
_aSCIENCE / Environmental Science. _92228 |
|
| 650 | 7 |
_aSCIENCE / Earth Sciences / Geography. _981036 |
|
| 650 | 7 |
_aSOCIAL SCIENCE / Human Geography. _981037 |
|
| 700 | 1 |
_aHorn-Phathanothai, Leo, _981044 |
|
| 942 |
_2ddc _cBK |
||
| 999 |
_c585978 _d585978 |
||